| 000 | 00941nas a2200325 4500 | ||
|---|---|---|---|
| 001 | BR2012009048 | ||
| 003 | BR-BrBNA | ||
| 005 | 20231205121557.0 | ||
| 007 | ta | ||
| 008 | 230509b bl.|||p| |||| 00| 00por d | ||
| 040 |
_aBR-BrBNA _bpor _cBiblioteca Nacional de Agricultura |
||
| 041 | _a(Pt) | ||
| 072 | _aL74 | ||
| 100 | 1 | _aBecmann, D.V. | |
| 100 | 1 | _aMazzanti, A. | |
| 100 | 1 | _aSantini, G. | |
| 100 | 1 | _aSantos, R.P. | |
| 100 | 1 | _aFestugato, R. | |
| 100 | 1 | _aPelizzari, C.R. | |
| 100 | 1 | _aPolidoro Neto, D. | |
| 100 | 1 | _aBaumhardt, R. | |
| 245 | 1 | _aSubluxação atlantoaxial em 14 cães (2003-2008) | |
| 246 | 1 | _aAtlantoaxial subluxation in 14 dogs (2003-2008) | |
| 650 | _aCÃO | ||
| 650 | _aOSSO | ||
| 650 | _aLUXAÇÃO | ||
| 773 | 0 |
_tPesquisa Veterinária Brasileira (Brazil) _xISSN 0100-736X _g(Feb 2010), v. 30(2) p. 172-176 _wBR2012009048 |
|
| 909 |
_a202311 _bLúcia _c55 _dLúcia Elande |
||
| 942 |
_2AGRIS _n0 _cANA |
||
| 999 |
_c224205 _d224205 |
||